| 000 | 00749nmc a2200289 a 4500 | ||
|---|---|---|---|
| 003 | AR-BaBNM | ||
| 005 | 20251128203621.0 | ||
| 008 | 011101s1957 ||||||||||||||000 | spa|| | ||
| 040 | _cAR-BaBNM | ||
| 100 | 1 | _aBarea, Arturo | |
| 245 | 1 | 0 | _aLorca, el poeta y su pueblo |
| 260 |
_aBuenos Aires _bLosada _c1957 |
||
| 300 | 0 | _a137 p. | |
| 490 | 0 |
_aBiblioteca contemporánea _v267 |
|
| 500 | 0 | _aDonación Ana Adela de Machini | |
| 650 | 4 | _aBIOGRAFIAS | |
| 650 | 4 | _aLITERATURA ESPANOLA | |
| 650 | 4 | _aTEATRO | |
| 650 | 4 | _aCRITICA LITERARIA | |
| 650 | 4 | _aVIDA LITERARIA | |
| 650 | 4 | _aLITERATURA POPULAR | |
| 650 | 4 | _aCOSTUMBRES Y TRADICIONES | |
| 653 | 0 | _aGUERRA CIVIL ESPANOLA | |
| 655 | _aLITERATURA | ||
| 942 | _cBK | ||
| 998 | _cMARTIN | ||
| 999 |
_c4156 _d4156 |
||